| 000 | 00601nam a22002177a 4500 | ||
|---|---|---|---|
| 003 | OSt | ||
| 005 | 20140310181717.0 | ||
| 008 | 130216t xxu||||| |||| 00| 0 eng d | ||
| 020 | _a9789719186090 | ||
| 020 | _a9789710596003 | ||
| 050 |
_aHF 5415.12.P6 _b.G6 2010 |
||
| 100 | _aGo, Josiah | ||
| 245 |
_aFundamentals of marketing in the Philippine setting / _cJosiah Go. |
||
| 260 |
_a(Quezon City : Design Plus) : _b[S.n.], _c2010. |
||
| 300 |
_a462 p. : _bill. ; _c23 cm. |
||
| 521 | _aBSBA | ||
| 650 |
_aMarketing _xPhilippines |
||
| 942 |
_2lcc _cBK _kLOC |
||
| 999 |
_c1849 _d1849 |
||